| 000 | 00778nam a2200265 a 4500 | ||
|---|---|---|---|
| 005 | 20140310183605.0 | ||
| 008 | 120608s19uu xx 00 eng d | ||
| 020 | _a9780390243485 | ||
| 050 |
_aHD 30.28 _b.D475 2010 |
||
| 100 | _aDess, Gregory | ||
| 245 |
_aStrategy and policy / _cGregory Dess, G.T. Lumpkin, Alan Eisner, and Gerry McNamara. |
||
| 250 | _a4th ed. | ||
| 260 |
_aBoston : _bMcGraw-Hill/Irwin, _c2010. |
||
| 300 |
_a217 p. : _c26 cm. |
||
| 440 | _aCourse: strategy and policy | ||
| 521 | _aBSBA | ||
| 650 | _aStrategic planning | ||
| 650 |
_aIndustrial management _xUnited States _xCase Studies |
||
| 700 | _aLumpkin, G.T. | ||
| 700 | _aEisner, Alan | ||
| 700 | _aMcNamara, Gerry | ||
| 942 |
_cBK _2lcc _kFOR |
||
| 999 |
_c25153 _d25153 |
||